Chuẩn hóa mức xám ảnh MR : Luận văn thạc sĩ - Chuyên ngành: Khoa học máy tính

সংরক্ষণ করুন:
গ্রন্থ-পঞ্জীর বিবরন
প্রধান লেখক: Trần, Hà Xuân Trang
বিন্যাস: Luận văn
ভাষা:Undetermined
প্রকাশিত: Trường Đại học Công nghiệp Tp. Hồ Chí Minh 2019
বিষয়গুলি:
ট্যাগগুলো: ট্যাগ যুক্ত করুন
কোনো ট্যাগ নেই, প্রথমজন হিসাবে ট্যাগ করুন!
Thư viện lưu trữ: Trung tâm Thư viện - Trường Đại học Công nghiệp TP. Hồ Chí Minh
LEADER 00620nam a2200157Ia 4500
001 UIH_01575
008 230809s9999 xx 000 0 und d
082 |a 4 
100 |a Trần, Hà Xuân Trang 
245 0 |a Chuẩn hóa mức xám ảnh MR : Luận văn thạc sĩ - Chuyên ngành: Khoa học máy tính 
245 0 |c Trần, Hà Xuân Trang 
260 |b Trường Đại học Công nghiệp Tp. Hồ Chí Minh 
260 |c 2019 
650 |a Khoa học máy tính 
927 |a Luận văn 
980 |a Trung tâm Thư viện - Trường Đại học Công nghiệp TP. Hồ Chí Minh